000 00320nam a2200121Ia 4500
008 240731s9999 xx 000 0 und d
022 _a1464-536X
245 0 _aTheoretical Issues in Ergonomics Science
260 _bTaylor & Francis
856 _uhttps://www.tandfonline.com/loi/ttie20
942 _2ddc
942 _cTFEJ
999 _c80134
_d80134
945 _a1
_bMadushi Gamage
_c1
_dMadushi Gamage